书目信息 |
| 题名: |
先秦时期的社会发展与变迁研究
|
|
| 作者: | 吴礼宁 , 张金良 , 冯涛 著 | |
| 分册: | ||
| 出版信息: | 北京 中国水利水电出版社 2016 |
|
| 页数: | 241页 | |
| 开本: | 24cm | |
| 丛书名: | ||
| 单 册: | ||
| 中图分类: | K220.7 | |
| 科图分类: | ||
| 主题词: | 社会发展史--she hui fa zhan shi--研究--中国--先秦时代 | |
| 电子资源: | ||
| ISBN: | 978-7-5170-4732-2 | |
| 000 | 01045nam0 22002531 450 | |
| 001 | 1730269800 | |
| 005 | 20170525101439.0 | |
| 010 | @a978-7-5170-4732-2@dCNY46.50 | |
| 100 | @a20161130d2016 em y0chiy50 ea | |
| 101 | 0 | @achi |
| 102 | @aCN@b110000 | |
| 105 | @ay z 000yy | |
| 106 | @ar | |
| 200 | 1 | @a先秦时期的社会发展与变迁研究@Axian qin shi qi de she hui fa zhan yu bian qian yan jiu@f吴礼宁,张金良,冯涛著 |
| 210 | @a北京@c中国水利水电出版社@d2016 | |
| 215 | @a241页@d24cm | |
| 330 | @a本书分别对先秦时期政治制度发展、先秦时期社会生活、先秦时期战争与军事制度、先秦时期思想传统的奠定、先秦时期科学文明的发展、先秦时期的民族关系、先秦时期的女性进行了深入的研究,以期广大读者对先秦时期的社会形成一个基本的了解与认识,同时以史为鉴,更好地建设当代社会。 | |
| 606 | 0 | @a社会发展史@Ashe hui fa zhan shi@x研究@y中国@z先秦时代 |
| 690 | @aK220.7@v5 | |
| 701 | 0 | @a吴礼宁@Awu li ning@4著 |
| 701 | 0 | @a张金良@Azhang jin liang@4著 |
| 701 | 0 | @a冯涛@Afeng tao@4著 |
| 801 | 0 | @aCN@bTANG WEI@c20170522 |
| 905 | @b0968243-7@dK220.7@e106@f5 | |
| 先秦时期的社会发展与变迁研究/吴礼宁,张金良,冯涛著.-北京:中国水利水电出版社,2016 |
| 241页;24cm |
| ISBN 978-7-5170-4732-2:CNY46.50 |
| 本书分别对先秦时期政治制度发展、先秦时期社会生活、先秦时期战争与军事制度、先秦时期思想传统的奠定、先秦时期科学文明的发展、先秦时期的民族关系、先秦时期的女性进行了深入的研究,以期广大读者对先秦时期的社会形成一个基本的了解与认识,同时以史为鉴,更好地建设当代社会。 |
| ● |
| 相关链接 |
|
|
|
|
正题名:先秦时期的社会发展与变迁研究
索取号:K220.7/106
 
预约/预借
| 序号 | 登录号 | 条形码 | 馆藏地/架位号 | 状态 | 备注 |
| 1 | 0968243 | 209682431 | 第二样本阅览室/ [索取号:K220.7/106] | 在馆 | |
| 2 | 0968244 | 209682440 | 第二借阅区/ [索取号:K220.7/106] | 在馆 | |
| 3 | 0968245 | 209682459 | 第二借阅区/ [索取号:K220.7/106] | 在馆 | |
| 4 | 0968246 | 209682468 | 第二借阅区/ [索取号:K220.7/106] | 在馆 | |
| 5 | 0968247 | 209682477 | 史法系资料室/ [索取号:K220.7/106] | 在馆 |